000 00690nam a22001817a 4500
005 20260401130347.0
008 260401b |||||||| |||| 00| 0 eng d
020 _a978-1-78779-175-6
050 _aRC 66 .H 88 2023
100 _aHOURSTON, GEORGE JM
245 _aESSENTIAL CLINICAL EXAMINATIONS FOR FINALS AND MRCS: 35 EXAMINATIONS FOR MEDICINE AND SURGERY
260 _aLONDON,
_bJAYPEE BROTHERS MEDICAL PUBLISHERS,
_c2023,
300 _aXiV, 201 P, ILL
500 _aINCLUDES BIBLIOGRAPHICAL REFERENCES
650 _a1. PHYSICAL DIAGNOSIS-EXAMINATIONS, QUESTIONS 2. MEDICINE-EXAMINATIONS, QUESTIONS
700 _aKANKAM HADYN KN FOREWORD BY STEPHEN McDONNELL
942 _2lcc
_cBK
999 _c216921
_d216921